Συναγωγή λέξεων αθησαυρίστων εν τοις ελληνικοίς λεξικοίς
Αποθηκεύτηκε σε:
| Κύριος συγγραφέας: | |
|---|---|
| Μορφή: | Βιβλίο |
| Γλώσσα: | Greek |
| Δημοσίευση: |
Εν Αθήναις :
Εκ των Καταστημάτων Ανδρέου Κορομηλά,
1883.
|
| Θέματα: | |
| Ετικέτες: |
Προσθήκη ετικέτας
Δεν υπάρχουν, Καταχωρήστε ετικέτα πρώτοι!
|
MARC
| LEADER | 00000cam a2200000 i 4500 | ||
|---|---|---|---|
| 001 | 1/68191 | ||
| 008 | 150302s1883 gr | ||| |||| ||gre|| | ||
| 035 | |l 10121306 | ||
| 040 | |a GR-MyUA |b gre |e AACR2 | ||
| 041 | 0 | |a gre | |
| 082 | 0 | |a 489.33 |2 (23) | |
| 100 | 1 | |a Κουμανούδης, Στέφανος Α., |d 1818-1899. | |
| 245 | 1 | 0 | |a Συναγωγή λέξεων αθησαυρίστων εν τοις ελληνικοίς λεξικοίς / |c υπό Στεφάνου Αθ. Κουμανούδη Ανδριανοπολίτου. |
| 260 | |a Εν Αθήναις : |b Εκ των Καταστημάτων Ανδρέου Κορομηλά, |c 1883. | ||
| 300 | |a ιε', 1λ, 399 σ. ; |c 24 εκ. | ||
| 500 | |a Στο verso ετικέτα "Ιπποκράτης Νικολάου τη Πορφυριάδι Σχολή των Καρλοβασίων". Στο recto σφραγίδα "Πορφυριάς Αστική Σχολή Καρλοβασίων" με αρ.3113. | ||
| 650 | 0 | 0 | |a Greek language |x Terms and phrases. |
| 650 | 0 | 0 | |a Greek language |x Dictionaries. |
| 852 | |a INST |b SAMOS |c PORFYRIADA |e 20150302 |h 489.33 ΚΟΥ |p 005300041868 |q 005300041868 |t NOLOAN |y 23 | ||
| 901 | |a BIBL3-2015-1 | ||
| 909 | |a Σ |b 191909 | ||
| 970 | |a ΣΙΤΖΙΜΗ |b ΓΙΑΣΕΜΗ |z 2015/03/02 | ||